000
00206 a2200097 4500
001
42111
100
_a
Hayes, L D
245
_a
Politics in Pakistan
260
_a
_b
Wehster Press
_c
090
_c
26113
_d
26113
942
_a
NUST-CAE
_c
M
_c
17907
999
_c
277184
_d
277184